000 00631nam a22002057a 4500
003 OSt
005 20260122033458.0
008 260122b |||||||| |||| 00| 0 eng d
020 _a0-07-254671.
040 _aDWCL-Main lib
_cOC
082 _22nd edition
_aGR. 512 H978e 2004
100 _aHutchison, Donald
245 _aElementary and intermediate algebra :
_ba unified approach
_cHutchison, Donald
260 _aN.Y. :
_bMcGraw-Hill
_cc2004.
300 _axxv (various paging) :
_bcolored illustration ;
_c26 cm.
650 _21. Algebra.
700 _aBergman, Barry
700 _aHoelzle, Louis
942 _2ddc
_cBK-GR
_kGR.
_n0
999 _c7678
_d7678